Coats of Arms with 2 Birds - Statistics

General Stats
  • This quiz has been taken 7 times
  • The average score is 4 of 6
Answer Stats
Picture Answer % Correct
Ghana
100%
Saint Lucia
80%
Liechtenstein
60%
Saint Kitts & Nevis
60%
Sao Tome & Principe
60%
Trinidad and Tobago
60%
No matching quizzes found
Score Distribution
Percent of People with Each Score
Percentile by Number Answered
Your Score History
You have not taken this quiz